| 000 | 01117cam a2200289 a 4500 | ||
|---|---|---|---|
| 999 |
_c6441 _d6441 |
||
| 001 | 4394136 | ||
| 003 | OSt | ||
| 005 | 20200121131726.0 | ||
| 008 | 920106s1992 mnu b 000 0 eng | ||
| 010 | _a 92002513 | ||
| 020 |
_a1555971644 (pbk. : acidfree paper) : _c$10.00 |
||
| 040 |
_aDLC _cDLC _dDLC |
||
| 043 | _an-us--- | ||
| 050 | 0 | 0 |
_aLC89 _b.B48 1992 |
| 082 | 0 | 0 |
_a370.1 _220 _bBEY 1992 |
| 245 | 0 | 0 |
_aBeyond PC : _btoward a politics of understanding / _cedited and with an introduction by Patricia Aufderheide. |
| 260 |
_aSaint Paul, Minn. : _bGraywolf Press, _cc1992. |
||
| 300 |
_avii, 239 p. ; _c22 cm. |
||
| 504 | _aIncludes bibliographical references. | ||
| 650 | 0 |
_aEducation, Higher _xPolitical aspects _zUnited States. _913227 |
|
| 650 | 0 |
_aEducation, Higher _xSocial aspects _zUnited States. _913228 |
|
| 650 | 0 |
_aMulticultural education _zUnited States. _913229 |
|
| 700 | 1 |
_aAufderheide, Patricia. _913230 |
|
| 906 |
_a7 _bcbc _corignew _d1 _eocip _f19 _gy-gencatlg |
||
| 942 |
_2ddc _cO_SHELF |
||